Nioba /

Hlavní autor: Horov, Pavol, 1914-1975
Jazyk: Slovenština
Vydáno: Bratislava : Slovenské vydavateľstvo krásnej literatúry, 1964
Vydání: V SVKL 1. vyd.
Edice: Dobré knihy (Slovenské vydavateľstvo krásnej literatúry)
Fyzický popis: 147 s. ; il. 12°
Knihy
Uloženo v:
LEADER 00806nam a22002292a 4500
001 000977655
003 CZ BrMZK
005 20181106133853.0
007 ta
008 091112s1964 xo a er|||||||||||slo d
040 |a ABA001  |b cze  |c ABA001  |d ABA001 
100 1 |a Horov, Pavol,  |d 1914-1975  |7 jn20000603008  |4 aut 
245 1 0 |a Nioba /  |c Pavol Horov ; doslov napís. Jozef Bžoch ; ilustr. Gabriel Štrba 
250 |a V SVKL 1. vyd. 
260 |a Bratislava :  |b Slovenské vydavateľstvo krásnej literatúry,  |c 1964 
300 |a 147 s. ;  |b il.  |c 12° 
490 1 |a Dobré knihy 
830 0 |a Dobré knihy (Slovenské vydavateľstvo krásnej literatúry) 
910 |a BOA001  |b S-0511.735 
990 |a BK 
991 |b 200911 
996 6 |b 2619536791  |c S-0511.735  |l MZK  |r Sklad / do 24 hodin  |n 0  |w 000977655  |u 000010  |a 1  |e BOA001  |j MZK50  |s P